000 00528nam a2200181Ia 4500
008 140609s9999 xx 000 0 und d
020 _a9781849207973
050 _aHF 5630
_b.Sm62 2011
100 _aMalcolm, Smith.
245 _aResearch methods in accounting /
_cMalcolm Smith,
250 _a2nd ed.
260 _aCalifornia :
_bSAGE Publications Ltd,
_cc2011.
300 _a223 p. :
_bill. ;
_c25 cm.
500 _aIncludes bibliographical references and index.
521 _aGE
942 _kFOR
_cBK
999 _c118144
_d118144